|
|
|
|
| LEADER |
00000nam a2200000 4500 |
| 001 |
vtls011756072 |
| 003 |
SK-MaSNL |
| 005 |
20260302021049.0 |
| 008 |
200104s2017 xo ol e 000 0 eng |
| 015 |
|
|
|a SNBA2018/06
|
| 020 |
|
|
|a 9788089841073
|q (brožované)
|
| 035 |
|
|
|a urn:nbn:sk:snk-am00d3cd
|
| 035 |
|
|
|a urn:nbn:sk:snk-am3hk9j
|
| 035 |
|
|
|a 0AB99DE2-64FF-4EC4-A1D7-2B48FAF00D95
|
| 040 |
|
|
|a SNK
|b slo
|c SNK
|e rda
|
| 041 |
0 |
|
|a eng
|
| 044 |
|
|
|a xo
|c SK
|
| 072 |
|
7 |
|a 00
|x Veda. Všeobecnosti. Základy vedy a kultúry. Vedecká práca
|2 konspekt
|
| 072 |
|
7 |
|a 54
|x Chémia. Mineralogické vedy
|2 konspekt
|
| 080 |
|
|
|a 54-126
|2 2011
|
| 080 |
|
|
|a 678.7
|2 2011
|
| 080 |
|
|
|a 001.891
|2 2011
|
| 080 |
|
|
|a 37.091.31-027.22
|2 2011
|
| 080 |
|
|
|a (036)
|2 2011
|
| 111 |
2 |
|
|a Soft Skills Training for Young Scientists
|d (2017 :
|c Bratislava, Slovensko)
|4 aut
|9 664871
|
| 245 |
1 |
0 |
|a Soft Skills Training for Young Scientists
|b October 11-16, 2017, Bratislava, Slovakia
|c technical editors are Alena Šišková, Michaela Sedničková, Anna Zahoranová
|
| 264 |
|
1 |
|a [Bratislava]
|b Polymer Institute of the Slovak Academy of Sciences
|c 2017
|
| 300 |
|
|
|a 40 strán
|b fotografie, tabuľky
|c 21 cm
|
| 336 |
|
|
|a text
|b txt
|2 rdacontent
|
| 337 |
|
|
|a bez média
|b n
|2 rdamedia
|
| 338 |
|
|
|a zväzok
|b nc
|2 rdacarrier
|
| 500 |
|
|
|a Miesto vydania podľa ISBN
|
| 648 |
|
7 |
|a 2017
|2 SNKPH
|9 347966
|
| 650 |
0 |
7 |
|a polyméry
|2 SNKPH
|9 22159
|
| 650 |
0 |
7 |
|a Polymers
|2 SNKPHeng
|9 316234
|
| 650 |
0 |
7 |
|a vedecký výskum
|2 SNKPH
|9 4237
|
| 650 |
0 |
7 |
|a Scientific research
|2 SNKPHeng
|9 266482
|
| 650 |
0 |
7 |
|a Workshops
|2 SNKPHeng
|9 311537
|
| 650 |
0 |
7 |
|a workshopy
|2 SNKPH
|9 26475
|
| 655 |
|
7 |
|a informačné publikácie
|2 SNKPH
|9 70181
|
| 655 |
|
7 |
|a Information publications
|2 SNKPHeng
|9 265188
|
| 700 |
1 |
|
|a Šišková, Alena
|4 edt
|9 336426
|
| 700 |
1 |
|
|a Sedničková, Michaela
|4 edt
|9 664872
|
| 700 |
1 |
|
|a Zahoranová, Anna
|4 edt
|9 12081
|
| 919 |
|
|
|a 978-80-89841-07-3
|
| 999 |
|
|
|c 1027342
|d 1029272
|
| 952 |
|
|
|a SNK
|b SNK
|y PREZ
|7 0
|p 17A1330518
|o snkSC 179448
|i snk2018/10398
|8 0
|0 0
|1 0
|4 0
|d 2018-05-14
|f 1
|l 0
|r 2026-02-24 13:43:40
|w 2026-02-24
|
| 952 |
|
|
|a SNK
|b SNK
|y VYP
|7 0
|p 17A1330519
|o snkSC 179448 D1
|i snk2018/10399
|8 0
|0 0
|1 0
|4 0
|d 2018-05-14
|l 0
|r 2026-02-24 13:43:40
|w 2026-02-24
|